000 00521cam a22001457a 4500
999 _c513047
_d513047
008 180718b-- xxu||||| |||| 00| 0 eng d
082 _aL906x5414 C/F/2018-19
245 _aReport of the Comptroller and Auditor General of India on state finances, Orissa
260 _aCuttack
_bComptroller and Auditor General of India
_c2019
300 _a102p.
500 _aLibrary has 2009/10,2018/19
650 _aAuditing - India - Orissa
_915318
700 _aOrissa. Comptroller and Auditor general of India
_915319
942 _2ddc